|
|
|
|
| LEADER |
03190nam a22003977a 4500 |
| 001 |
AAL8747 |
| 003 |
BD-DhAAL |
| 005 |
20160725110408.0 |
| 008 |
160725s 2013bg ||||| |||| 00| 0 eng d |
| 020 |
|
|
|a 9780007466078
|
| 040 |
|
|
|a BD-DhAAL
|c BD-DhAAL
|
| 082 |
|
|
|a 813/.54
|
| 100 |
|
|
|a Brown, Dan
|9 20198
|
| 245 |
|
|
|a Inferno /
|c Dan Brown
|
| 260 |
|
|
|a London :
|b Bantam,
|c 2013.
|
| 300 |
|
|
|a 372 p. ;
|c 22 cm.
|
| 541 |
|
|
|e 8747
|
| 650 |
|
|
|a Langdon, Robert (Fictitious character) --
|x Fiction.
|9 20199
|
| 650 |
|
|
|a Cryptographers
|x Fiction.
|9 20200
|
| 650 |
|
|
|a Cryptographers
|9 20201
|
| 852 |
|
|
|a Savar Campus Library
|c General Shelf
|
| 942 |
|
|
|2 ddc
|c BK
|
| 999 |
|
|
|c 37727
|d 37727
|
| 952 |
|
|
|0 0
|1 0
|2 ddc
|4 0
|6 813_000000000000000__54_BRO
|7 0
|9 59445
|a SCL
|b SCL
|c GEN
|d 2016-07-25
|e Tajin Boi Ghar
|g 80.00
|l 9
|m 52
|o 813.54 BRO
|p 3020008747
|r 2019-10-20
|s 2019-09-23
|t 1
|w 2016-07-25
|y BK
|
| 952 |
|
|
|0 0
|1 0
|2 ddc
|4 0
|6 813_000000000000000__54_BRO
|7 0
|9 60239
|a SCL
|b SCL
|c GEN
|d 2017-04-18
|e Tajin Boi Ghar
|g 80.00
|l 9
|m 43
|o 813.54 BRO
|p 3020008792
|r 2020-03-10
|s 2020-01-18
|t 2
|w 2017-04-18
|y BK
|
| 952 |
|
|
|0 0
|1 0
|2 ddc
|4 0
|6 813_000000000000000__54_BRO
|7 0
|9 60240
|a SCL
|b SCL
|c GEN
|d 2017-04-18
|e Tajin Boi Ghar
|g 80.00
|l 13
|m 36
|o 813.54 BRO
|p 3020008793
|r 2026-05-07
|s 2026-04-24
|t 3
|w 2017-04-18
|y BK
|
| 952 |
|
|
|0 0
|1 0
|2 ddc
|4 0
|6 813_000000000000000__54_BRO
|7 0
|9 60241
|a SCL
|b SCL
|c GEN
|d 2017-04-18
|e Tajin Boi Ghar
|g 80.00
|l 7
|m 28
|o 813.54 BRO
|p 3020008794
|r 2022-03-26
|s 2022-03-17
|t 4
|w 2017-04-18
|y BK
|
| 952 |
|
|
|0 0
|1 0
|2 ddc
|4 0
|6 813_000000000000000__54_BRO
|7 0
|9 60242
|a SCL
|b SCL
|c GEN
|d 2017-04-18
|e Tajin Boi Ghar
|g 80.00
|l 11
|m 51
|o 813.54 BRO
|p 3020008795
|r 2020-03-11
|s 2020-01-16
|t 5
|w 2017-04-18
|y BK
|
| 952 |
|
|
|0 0
|1 0
|2 ddc
|4 0
|6 813_000000000000000__54_BRO
|7 0
|9 60243
|a SCL
|b SCL
|c GEN
|d 2017-04-18
|e Tajin Boi Ghar
|g 80.00
|l 14
|m 61
|o 813.54 BRO
|p 3020008796
|r 2023-12-08
|s 2023-10-12
|t 6
|w 2017-04-18
|y BK
|
| 952 |
|
|
|0 0
|1 0
|2 ddc
|4 0
|6 813_000000000000000__54_BRO
|7 0
|9 61224
|a SCL
|b SCL
|c GEN
|d 2017-09-14
|e Tajin Boi Ghar
|g 120.00
|l 7
|m 46
|o 813.54 BRO
|p 3020009301
|r 2019-11-23
|s 2019-09-23
|t 7
|w 2017-09-14
|y BK
|
| 952 |
|
|
|0 0
|1 0
|2 ddc
|4 0
|6 813_000000000000000__54_BRO
|7 0
|9 61225
|a SCL
|b SCL
|c GEN
|d 2017-09-14
|e Tajin Boi Ghar
|g 120.00
|l 9
|m 35
|o 813.54 BRO
|p 3020009302
|r 2026-02-07
|s 2026-01-31
|t 8
|w 2017-09-14
|y BK
|
| 952 |
|
|
|0 0
|1 0
|2 ddc
|4 0
|6 813_000000000000000__54_BRO
|7 0
|9 61226
|a SCL
|b SCL
|c GEN
|d 2017-09-14
|e Tajin Boi Ghar
|g 120.00
|l 7
|m 47
|o 813.54 BRO
|p 3020009303
|r 2019-12-01
|s 2019-11-24
|t 9
|w 2017-09-14
|y BK
|
| 952 |
|
|
|0 0
|1 0
|2 ddc
|4 0
|6 813_000000000000000__54_BRO
|7 0
|9 61227
|a SCL
|b SCL
|c GEN
|d 2017-09-14
|e Tajin Boi Ghar
|g 120.00
|l 8
|m 34
|o 813.54 BRO
|p 3020009304
|r 2019-12-03
|s 2019-09-22
|t 10
|w 2017-09-14
|y BK
|
| 952 |
|
|
|0 0
|1 0
|2 ddc
|4 0
|6 813_000000000000000__54_BRO
|7 0
|9 61228
|a SCL
|b SCL
|c GEN
|d 2017-09-14
|e Tajin Boi Ghar
|g 120.00
|l 8
|m 14
|o 813.54 BRO
|p 3020009305
|r 2019-12-02
|s 2019-10-19
|t 11
|w 2017-09-14
|y BK
|
| 952 |
|
|
|0 0
|1 0
|2 ddc
|4 0
|6 813_000000000000000__54_BRO
|7 0
|9 61229
|a SCL
|b SCL
|c GEN
|d 2017-09-14
|e Tajin Boi Ghar
|g 120.00
|l 10
|m 34
|o 813.54 BRO
|p 3020009306
|r 2025-07-14
|s 2025-07-01
|t 12
|w 2017-09-14
|y BK
|
| 952 |
|
|
|0 0
|1 0
|2 ddc
|4 0
|6 813_000000000000000__54_BRO
|7 0
|9 61230
|a SCL
|b SCL
|c GEN
|d 2017-09-14
|e Tajin Boi Ghar
|g 120.00
|l 10
|m 39
|o 813.54 BRO
|p 3020009307
|r 2024-02-13
|s 2024-02-04
|t 13
|w 2017-09-14
|y BK
|